| 000 | 00945nam a22003377a 4500 | ||
|---|---|---|---|
| 001 | BR2012002078 | ||
| 003 | BR-BrBNA | ||
| 005 | 20230928103924.0 | ||
| 007 | ta | ||
| 008 | 230509b bl.||||| |||| 00| 0 por d | ||
| 040 |
_aBR-BrBNA _bpor _cBiblioteca Nacional de Agricultura |
||
| 041 | _a(Por) | ||
| 072 |
_aH50 _b3871 |
||
| 090 | _ 3871 BR2012002078 | ||
| 100 | 1 | _aRahde, A.F. | |
| 100 | 1 | _aMartins, C.B. | |
| 110 | 1 |
_aNitrosin Indústria e Comércio de Produtos Químicos, Novo Hamburgo, RS (Brasil) _97660 |
|
| 245 | 1 | _aBoletim técnico: toxicologia dos pesticidas | |
| 260 | 3 |
_aNovo Hamburgo, RS (Brasil): _c[nd]. |
|
| 300 | _a14 p. | ||
| 500 | _aPublished 1970?; 11 ref. | ||
| 650 | _aTOXICOLOGIA | ||
| 650 | _aINSETICIDA | ||
| 650 | _aTOXIDEZ | ||
| 650 | _aPROFILAXIA | ||
| 650 | _aPREVENÇÃO DE ACIDENTE | ||
| 650 | _aINTOXICAÇÃO | ||
| 650 | _aSINTOMA | ||
| 909 |
_a202309 _bLucia _c55 _dLucia Elande |
||
| 942 | _cBK | ||
| 999 |
_c77255 _d77255 |
||